UM Logo

Filthy rich vampires for eternity / (Record no. 24223)

MARC details
000 -LEADER
fixed length control field 00440nam a22001457a 4500
005 - DATE AND TIME OF LATEST TRANSACTION
control field 20251209100349.0
008 - FIXED-LENGTH DATA ELEMENTS--GENERAL INFORMATION
fixed length control field 251209b |||||||| |||| 00| 0 eng d
020 ## - INTERNATIONAL STANDARD BOOK NUMBER
International Standard Book Number 9781649376466
082 ## - DEWEY DECIMAL CLASSIFICATION NUMBER
Classification number DFic L510 2024
100 ## - MAIN ENTRY--PERSONAL NAME
Personal name Lee, Geneva.
9 (RLIN) 69425
245 ## - TITLE STATEMENT
Title Filthy rich vampires for eternity /
Statement of responsibility, etc. Geneva Lee.
260 ## - PUBLICATION, DISTRIBUTION, ETC. (IMPRINT)
Place of publication, distribution, etc. Shrewsbury :
Name of publisher, distributor, etc. Entangled Publishing,
Date of publication, distribution, etc. ©2024.
300 ## - PHYSICAL DESCRIPTION
Extent 448 pages :
Other physical details illustrations ;
Dimensions 21 cm.
942 ## - ADDED ENTRY ELEMENTS (KOHA)
Source of classification or shelving scheme Dewey Decimal Classification
Koha item type Fiction
Holdings
Withdrawn status Lost status Source of classification or shelving scheme Damaged status Not for loan Collection code Home library Current library Date acquired Source of acquisition Cost, normal purchase price Total Checkouts Full call number Barcode Date last seen Price effective from Koha item type
    Dewey Decimal Classification     Fiction UM Digos College - LIC UM Digos College - LIC 11/20/2025 Purchased 500.00   DFic L510 2024 29230 12/09/2025 12/09/2025 Fiction